A menina das cidade dos mortos: (Registro n. 7890)
[ somente texto ]
| 000 -LÍDER | |
|---|---|
| campo de controle de tamanho fixo | 01186nam a2200265 a 4500 |
| 001 - NÚMERO DE CONTROLE | |
| campo de controle | BS0002832 |
| 003 - IDENTIFICADOR DO NÚMERO DE CONTROLE | |
| campo de controle | BR-BrBNA |
| 005 - DATA E HORÁRIO DA ÚLTIMA TRANSAÇÃO | |
| campo de controle | 20231109121745.0 |
| 008 - CAMPO DE DADOS FIXOS--INFORMAÇÃO GERAL | |
| campo de controle de tamanho fixo | 230308b |||||||| |||| 00| 0 por d |
| 040 ## - FONTE DA CATALOGAÇÃO | |
| Instituição da catalogação original | BR-BrBNA |
| Idioma da catalogação | por |
| Instituição que transcreveu o registro | Biblioteca Nacional de Agricultura |
| 041 ## - CÓDIGO DE IDIOMA | |
| Código do idioma do texto/trilha sonora ou título diferente | por |
| 072 ## - CÓDIGO DE CATEGORIA DE ASSUNTO | |
| Código de Categoria de Assunto | S91 |
| 090 ## - NÚMERO DE CHAMADA LOCAL | |
| Número de chamada | S91 |
| Chave BR | BS0002832 |
| 100 1# - ENTRADA PRINCIPAL--NOME PESSOAL | |
| Nome pessoal | Haase-Hindenberg, Gerhard. |
| 245 1# - TÍTULO | |
| Título | A menina das cidade dos mortos: |
| Restante do título | a vida de Mona nos túmulos do Cairo / |
| 250 1# - EDIÇÃO | |
| Edição | 1. ed. |
| 260 3# - PUBLICAÇÃO, DISTRIBUIÇÃO, ETC. | |
| Local de publicação, distribuição, etc. | São Paulo, SP: |
| Nome do editor, distribuidor, etc. | Editora HPL, |
| Data da publicação, distribuição, etc. | 2009. |
| 300 ## - DESCRIÇÃO FÍSICA | |
| Extensão | 215 p. |
| 500 ## - NOTA GERAL | |
| Nota geral | Tradução: Hermann Lobmaier, Título Original:das madchem aus der totenstedt..<br/> |
| 520 3# - NOTA DE RESUMO, ETC | |
| Resumo, etc. | Como dezenas de milhares de outros egípcios, ela também vive com sua família nos minúsculos ambientes sobre um mausoléu, sem a perspectiva de um dia deixar para trás as condiçães apertadas da moradia. Ela confidencia seus sonhos de uma outra vida só ao seu diário. Quando ganha um trabalho no centro comercial do Cairo, com caracteristicas ocidentais, ela resolve pegar sua sorte, finalmente, em suas próprias mãos. |
| 650 ## - ASSUNTO--TERMO TÓPICO | |
| Cabeçalho tópico ou nome geográfico | LITERATURA |
| 650 ## - ASSUNTO--TERMO TÓPICO | |
| Cabeçalho tópico ou nome geográfico | BIOGRAFIA |
| 650 ## - ASSUNTO--TERMO TÓPICO | |
| Cabeçalho tópico ou nome geográfico | OUTROS |
| 942 ## - ELEMENTOS DE ENTRADA ADICIONADOS (KOHA) | |
| Tipo de material Koha | Livros |
| Fonte da classificação ou esquema de arquivamento na estante | Classificação AGRIS |
| Situação do descarte | Fonte da classificação ou esquema de arquivamento na estante | Situação física | Não pode ser emprestado | Coleção | Biblioteca de origem | Biblioteca atual | Total de empréstimos | Número de telefone completo | Código de barras | Data de último acesso | Número do exemplar | Tipo de material Koha | Situação das perdas | Data de aquisição | Fonte de aquisição | Qualificador de local codificado |
|---|---|---|---|---|---|---|---|---|---|---|---|---|---|---|---|---|
| Classificação AGRIS | Acervo Cultural | Biblioteca Nacional de Agricultura - Binagri | Biblioteca Nacional de Agricultura - Binagri | S91 BS0002832 | S91 BS0002832 | 12/04/2023 | 01 | Livros | 2023-04-04 | Doação | S91 |

BINAGRI